<?xml version="1.0" encoding="UTF-8"?><?xml-stylesheet type="text/xsl" href="static/style.xsl"?><OAI-PMH xmlns="http://www.openarchives.org/OAI/2.0/" xmlns:xsi="http://www.w3.org/2001/XMLSchema-instance" xsi:schemaLocation="http://www.openarchives.org/OAI/2.0/ http://www.openarchives.org/OAI/2.0/OAI-PMH.xsd"><responseDate>2026-04-14T07:29:28Z</responseDate><request verb="GetRecord" identifier="oai:www.recercat.cat:20.500.12327/4235" metadataPrefix="marc">https://recercat.cat/oai/request</request><GetRecord><record><header><identifier>oai:recercat.cat:20.500.12327/4235</identifier><datestamp>2025-10-23T19:25:28Z</datestamp><setSpec>com_2072_4428</setSpec><setSpec>com_2072_4427</setSpec><setSpec>col_2072_487896</setSpec></header><metadata><record xmlns="http://www.loc.gov/MARC21/slim" xmlns:dcterms="http://purl.org/dc/terms/" xmlns:xsi="http://www.w3.org/2001/XMLSchema-instance" xmlns:doc="http://www.lyncode.com/xoai" xsi:schemaLocation="http://www.loc.gov/MARC21/slim http://www.loc.gov/standards/marcxml/schema/MARC21slim.xsd">
   <leader>00925njm 22002777a 4500</leader>
   <datafield ind2=" " ind1=" " tag="042">
      <subfield code="a">dc</subfield>
   </datafield>
   <datafield ind2=" " ind1=" " tag="720">
      <subfield code="a">Montero Camacho, Juan Ignacio</subfield>
      <subfield code="e">author</subfield>
   </datafield>
   <datafield ind2=" " ind1=" " tag="720">
      <subfield code="a">Antón Vallejo, Ma. Asunción</subfield>
      <subfield code="e">author</subfield>
   </datafield>
   <datafield ind2=" " ind1=" " tag="720">
      <subfield code="a">Muñoz Odina, Pere</subfield>
      <subfield code="e">author</subfield>
   </datafield>
   <datafield ind2=" " ind1=" " tag="260">
      <subfield code="c">2002</subfield>
   </datafield>
   <datafield ind2=" " ind1=" " tag="520">
      <subfield code="a">La ventilación influye en el clima del invernadero, afectando en gran manera a la temperatura interna, al régimen de humedad y al nivel de concentración de CO2 . La ventilación natural, aquella que tiene como motor bien el viento externo o bien la diferencia de temperatura entre el invernadero y el aire exterior, está mas extendida que la ventilación mecánica o forzada, fundamentalmente por el menor costo de instalación y mantenimiento.
Después de un breve repaso a la teoría de la ventilación natural, se discuten las tasas de ventilación de algunos invernaderos arquetipos, como el modelo Venlo de cristal, el multitúnel y el parral almeriense. Se aportan datos de ventilación con las ventanas orientadas de cara al viento (barlovento) y de espaldas al mismo (sotavento). En los casos estudiados, la ventilación a barlovento es más eficaz que la de sotavento. Para los invernaderos multitúneles y parral se discute la reducción de ventilación ocasionada por las mallas contra insectos.
Finalmente se discuten los factores que influyen sobre el coeficiente de descarga de las ventanas y se aportan algunas sugerencias para aumentar el intercambio de aire del invernadero.</subfield>
   </datafield>
   <datafield ind1="8" ind2=" " tag="024">
      <subfield code="a">Montero, J.I.; Antón, A.;  Muñoz, P. "Refrigeración de invernaderos I: Ventilación natural". En: Tecnología de invernaderos. TC Ediciones, 2002. p.  77-86</subfield>
   </datafield>
   <datafield ind1="8" ind2=" " tag="024">
      <subfield code="a">http://hdl.handle.net/20.500.12327/4235</subfield>
   </datafield>
   <datafield tag="653" ind2=" " ind1=" ">
      <subfield code="a">Hivernacles -- Ventilació</subfield>
   </datafield>
   <datafield ind2="0" ind1="0" tag="245">
      <subfield code="a">Refrigeración de invernaderos I: Ventilación natural</subfield>
   </datafield>
</record></metadata></record></GetRecord></OAI-PMH>